| 000 | 00387nam a2200133Ia 4500 | ||
|---|---|---|---|
| 008 | 220204s9999 xx 000 0 und d | ||
| 082 |
_a336.5(540) _bMUK |
||
| 100 | _aMUKERJI, Kshitimohan | ||
| 245 | 0 | _aLevels of economic activity and public expenditure in India | |
| 260 |
_aPoona _bGokhale _c1965 |
||
| 650 | _aAgricultural production | ||
| 650 | _aIndustrial production | ||
| 942 | _cBK | ||
| 999 |
_c20539 _d20539 |
||